000 00702cam a2200229 a 4500
001 000011771
005 20250617094337.0
008 801021s1979 ag b 001 0 spa
040 _aDO-SdBNP
_bspa
_cLC
_dBNPHU
082 _a401.9
_bA992d
100 1 _aAzcoaga, Juan E.
_927842
245 1 0 _aDel lenguaje al pensamiento verbal /
_cJuan E. Azcoaga.
260 _aBuenos Aires :
_bEl Ateneo,
_c1979.
300 _axvi, 199 p. ;
_c21 cm.
490 1 _aNeuropsicología
504 _aBibliografía: p. 191-199.
650 0 _aPsicolingüística
_927843
650 0 _aAdquisicion del lenguaje.
_927844
830 0 _aNeuropsicología
_927845
910 _aCatalogación por copia / LC
049 _aBNGR
999 _c11445
_d11445